000 00310nam a2200145Ia 4500
100 _aKumbhojkar / G.V
942 _cBK
654 _amathematics
245 _aEngineering mathematics 3
260 _bC.Jamnadas&co.
_aBombay
_c1992
082 _a510
_bKUM
300 _a316
546 _aENGLISH
999 _c20964
_d20964